00524nam a22001697a 450000500170000001000170001702000260003403500170006003700170007708200080009410000200010224501010012226000290022327000610025230000210031370000200033420130702150019.0 aB-508936-937 a9788131706992c650.00 aB-508936-937 adplbKBD/Ven a546 aHuheey, James E aInorganic Chemistry:cby James E. Huheey [et......all]bprinciples of structure and reactivity/ aNew DelhibPearsonc2013 a11 Community Centre, Panchsheel Park,bNew Delhie110017 a808p.c23cm(pbk) dKeiter, Ellen A